000
00183nam a2200085 4500
001
1259059
005
20260414105541.0
245
_a
YARASA ÇIKMAZI
_c
GÖKTUĞ CANBABA
260
_b
DOĞAN
999
_c
1259059
_d
1259059